| 000 | 00902aam a2200301 i 4500 | ||
|---|---|---|---|
| 001 | 768714001 | ||
| 003 | CO-MdFUSB | ||
| 005 | 20260211094207.0 | ||
| 007 | ta | ||
| 008 | 160601t1999 ck | |||| 00| 0 spa d | ||
| 020 | _a0-89922-495-4 | ||
| 040 |
_aCO-MdFUSB _bEspañol _cCO-MdFUSB _dCO-MdFUSB _erda |
||
| 041 | 0 | _aspa | |
| 082 | 0 | 4 |
_223 _a225.4 _bV782d |
| 100 | 1 |
_aVine, W. E. (1873-1949) _eautor |
|
| 245 | 0 | 0 |
_aDiccionario expositivo de palabras del Antiguo y Nuevo Testamento exhaustivo de Vine _c/ W. E. Vine |
| 264 | 1 |
_bCaribe, _aColombia : _c[1999] |
|
| 264 | 4 | _c©1999 | |
| 300 |
_a476 páginas _c; 24 cm |
||
| 336 |
_2rdacontent _atexto _btxt |
||
| 337 |
_2rdamedia _asin mediación _bn |
||
| 338 |
_2rdacarrier _avolumen _bnc |
||
| 505 | _aDiccionario expositivo | ||
| 563 | _aPasta dura | ||
| 630 | 0 | 7 |
_aBiblia. _pNuevo Testamento _vDiccionarios |
| 942 | _cBK | ||
| 945 | _aJTF-925 | ||
| 999 |
_c31713 _d31713 |
||